Países começados por I - Statistics

Estatísticas Gerais
  • Esse quiz foi jogado 48 vezes
  • A pontuação média é 7 de 9
Estatísticas das Respostas
Resposta % Correto
Índia
89%
Indonésia
78%
Irlanda
78%
Irão
74%
Iraque
74%
Islândia
74%
Israel
74%
Iémen
72%
Itália
72%
Nenhum quiz correspondente encontrado
Distribuição das Pontuações
Porcentagem de Pessoas com Cada Pontuação
Percentil de Números Respondidos
Sua Pontuação Histórica
Você não jogou esse quiz